000 00835 a2200217 4500
999 _c4730
_d4730
020 _a9780702195495
050 0 0 _aK 1030 BRA 2014
100 1 _aBrand, John
_eauthor
245 1 0 _aCommercial mediation :
_ba user's guide to court-referred and voluntary mediation in South Africa /
_cJohn Brand, Felicity Steadman and Chris Todd.
264 1 _aCape Town:
_bJuta,
_c2012
300 _a124 p. :
_bill.
500 _aIncludes bibliographical references and index.
504 _aIncludes bibliographical references and index.
650 0 _aMediation
650 0 _aDispute resolution (Law)
650 0 _aCommercial law
700 1 _aSteadman, Felicity,
_eauthor
700 1 _aTodd, Chris
_c(Attorney),
_eauthor
856 4 1 _3Table of contents only
_uhttp://www.loc.gov/catdir/toc/fy14pdf02/2012526461.html
942 _2lcc
_cBK
_h1030
_iBRA
_kK